00927nam a2200157 a 4500008004100000020001800041041000800059100002100067245005400088250002200142260003300164300001100197500009000208505045600298655001500754190917t2018 ag |||g |||| 001 0 spa d a9789879334539 aspa1 aHuidobro, Norma. 1a¿Quién conoce a Greta Garbo? /cNorma Huidobro a1a ed. 17a reimp. aBuenos Aires:bNorma;c2018. a237 p. aHuidobro, N. (2018). ¿Quién conoce a Greta Garbo?. (1a ed.). Buenos Aires : Norma. aPor fin conocí a Verónica Morel, claro que en la sección de policiales de un diario no era la mejor forma de conocerla. Pero ya no quedaba otra. Verónica había sido asesinada y ella, Greta, había visto esa cara en otro lugar. ¿Dónde? Tal vez en la televisión, en algún comercial, o en alguna de esas telenovelas que sus padres le tenían prohibidas pero que ella veía igual. Verónica Morel, veintisiete años, estrangulada...  aLiteratura